ბათუმის შოთა რუსთაველის სახელმწიფო უნივერსიტეტის ბიბლიოთეკა

თამბაქოს მოყვანის აგროტექნიკის საკითხები. (ბიბ.ჩანაწერი № 35330)

000 -LEADER
fixed length control field 00621nam a2200193Ia 4500
001 - CONTROL NUMBER
control field 1182
003 - CONTROL NUMBER IDENTIFIER
control field GE_BSU
008 - FIXED-LENGTH DATA ELEMENTS--GENERAL INFORMATION
fixed length control field 181216s||||||||xx |||||||||||||| ||und||
040 ## - CATALOGING SOURCE
Transcribing agency GE_BSU
080 ## - UNIVERSAL DECIMAL CLASSIFICATION NUMBER
Universal Decimal Classification number 633.71(479.22)
100 ## - MAIN ENTRY--PERSONAL NAME
Personal name რაზმაძე, ნ.
245 ## - TITLE STATEMENT
Title თამბაქოს მოყვანის აგროტექნიკის საკითხები.
260 ## - PUBLICATION, DISTRIBUTION, ETC.
Place of publication, distribution, etc. თბილისი
260 ## - PUBLICATION, DISTRIBUTION, ETC.
Name of publisher, distributor, etc. აბჭოთა საქართველო
260 ## - PUBLICATION, DISTRIBUTION, ETC.
Date of publication, distribution, etc. 19988
300 ## - PHYSICAL DESCRIPTION
Extent 109 გვ. 19 სმ.
653 ## - INDEX TERM--UNCONTROLLED
Uncontrolled term თამბაქოს მოყვანა
942 ## - ADDED ENTRY ELEMENTS (KOHA)
Koha item type წიგნი
ეგზემპლარები
Withdrawn status Lost status Damaged status Not for loan Date acquired Barcode Date last seen Price effective from Koha item type
        2018-12-17 2832 2018-12-17 2018-12-17 წიგნი